| 000 | 00000nam##2200000za#4500 |
| 001 | 9.530648 |
| 003 | CaOODSP |
| 005 | 20210615083045 |
| 007 | ta |
| 008 | 150406|1998||||xxc||||| f|0| 0 eng|d |
| 020 | |a0-660-60540-6 |
| 040 | |aCaOODSP|beng |
| 041 | |aeng |
| 041 | |afre |
| 043 | |an-cn--- |
| 086 | 1 |aM86-9/1998 |
| 110 | 1 |aCanada.|bNatural Resources Canada. |bCanadian Permanent Committee on Geographical Names. |
| 245 | 10|aSaskatchewan |
| 250 | |aFourth edition. |
| 260 | |aOttawa - Ontario : |bNatural Resources Canada. |c1998. |
| 300 | |a93p. ; |c28 cm. + |e, 1 folded map. |
| 490 | 1 |aGazetteer of Canada |
| 520 | 3 |aYou don't have to be a geographer to appreciate this series of provincial maps. If you're looking for ferry routes, the Trans-Canada Highway, or national parks throughout Canada, they can help you find your way from British Columbia to Prince Edward Island. First published in 1952, the Gazetteers of Canada list all the approved names of populated places, lakes, rivers, mountains, provincial parks, and Indian reserves in each province. Even little-known towns, villages and hamlets are easy to locate, by finding the geographical coordinates on the enclosed provincial map. |
| 546 | |aBilingual |
| 563 | |aSoftcover |
| 590 | |a98-39|b1998-09-25 |
| 690 | 07|aToponymy|2gcpds |
| 776 | 0#|tGazetteer of Canada. |w(CaOODSP)9.590228 |
| 792 | |tSaskatchewan |efre|w(CaOODSP)9.530649 |
| 830 | #0|aGazetteer of Canada.|w(CaOODSP)9.509506 |